[Event "NED-ch U14"]
[Site "Almelo"]
[Date "2022.05.07"]
[Round "9"]
[White "Folkers, Sono"]
[Black "Mohebbinezhad, Parsa"]
[Result "1/2-1/2"]
[WhiteElo "1519"]
[BlackElo "1600"]
[PlyCount "81"]
[EventDate "2022.05.01"]
[EventType "swiss"]
[EventRounds "9"]
[EventCountry "NED"]
[SourceTitle "EXT 2023"]
[Source "ChessBase"]
[SourceDate "2022.10.05"]
[SourceVersion "1"]
[SourceVersionDate "2022.10.05"]
[SourceQuality "1"]

1. e4 c6 2. Nf3 d5 3. Nc3 d4 4. Ne2 c5 5. Ng3 Nc6 6. Bc4 Bg4 7. Bxf7+ Kxf7 8. Ng5+ Ke8 9. Qxg4 Nf6 10. Qe6 Qc7 11. Qf7+ Kd7 12. Qe6+ Ke8 13. Nf7 Rg8 14. e5 Qd7 15. Qxd7+ Nxd7 16. e6 Nf6 17. 0-0 h6 18. f4 Nd8 19. Nxd8 Kxd8 20. d3 Kc7 21. Bd2 g6 22. a4 a5 23. Rae1 b6 24. f5 g5 25. Ne4 Bg7 26. h3 Rad8 27. Bc1 Rd5 28. Nd2 Ne8 29. Ne4 Nd6 30. g4 Ne8 31. Rf3 Nf6 32. Bd2 Rgd8 33. Rf2 Re5 34. Rfe2 Nxe4 35. Rxe4 Red5 36. R1e2 Kc6 37. Be1 h5 38. Bg3 h4 39. Be5 Bxe5 40. Rxe5 Rxe5 41. Rxe5 1/2-1/2

[Event "NED-ch U14"]
[Site "Almelo"]
[Date "2022.05.05"]
[Round "6"]
[White "Mohebbinezhad, Parsa"]
[Black "Venema, Maxime"]
[Result "0-1"]
[WhiteElo "1600"]
[BlackElo "1614"]
[PlyCount "52"]
[EventDate "2022.05.01"]
[EventType "swiss"]
[EventRounds "9"]
[EventCountry "NED"]
[SourceTitle "EXT 2023"]
[Source "ChessBase"]
[SourceDate "2022.10.05"]
[SourceVersion "1"]
[SourceVersionDate "2022.10.05"]
[SourceQuality "1"]

1. e4 c5 2. Nf3 d6 3. d4 cxd4 4. Nxd4 Nf6 5. Nc3 a6 6. Bc4 e6 7. Be3 b5 8. Bb3 b4 9. Nce2 Nxe4 10. f3 Nc5 11. Qd2 e5 12. Bd5 exd4 13. Bg5 f6 14. Bxa8 fxg5 15. Qxb4 Bf5 16. Nxd4 Bxc2 17. 0-0 Bg6 18. Rfe1+ Be7 19. Bc6+ Nbd7 20. Ne6 Nxe6 21. Rxe6 0-0 22. Rae1 Ne5 23. R1xe5 dxe5 24. Qxe7 Qd1+ 25. Kf2 Qd2+ 26. Kg3 Qe1+ 0-1